| 000 | 00703nac a22002051ca4500 | ||
|---|---|---|---|
| 001 | a987689956 | ||
| 003 | RU-10907106 | ||
| 005 | 20220225150127.0 | ||
| 008 | 180713s2017 gw |||| 000u rus d | ||
| 020 |
_a9785852094155 _9978-5-85209-415-5 |
||
| 040 |
_cRU-10907106 _aRU-10907106 _bger |
||
| 041 | _arus | ||
| 100 | 1 |
_aGarnovskij, Michail Antonovič _93152 |
|
| 245 | 0 | 0 |
_aZapiski Michaila Garnovskogo / _c[Garnovskij M.A]. Ekaterina i Potemkin : podlinnaja ich perepiska, 1782-1791 / predislovie, kommentarii T.A. Lobaškovoj |
| 264 |
_aMoskva, _c2017 |
||
| 300 | _a560 Seiten | ||
| 710 | 2 |
_aGosudarstvennaja publičnaja istoričeskaja biblioteka Rossii _93153 |
|
| 942 |
_cMG _2z |
||
| 999 |
_c50122 _d50122 |
||